Guide to the LEED AP homes exam (Record no. 214621)
[ view plain ]
| 000 -LEADER | |
|---|---|
| fixed length control field | 02187nam a2200361 a 4500 |
| 082 04 - DEWEY DECIMAL CLASSIFICATION NUMBER | |
| Classification number | 690.028/6 |
| 100 1# - MAIN ENTRY--AUTHOR NAME | |
| Personal name | Cottrell, Michelle. |
| 245 10 - TITLE STATEMENT | |
| Title | Guide to the LEED AP homes exam |
| 260 ## - PUBLICATION, DISTRIBUTION, ETC. (IMPRINT) | |
| Place of publication | Hoboken, N.J. : |
| Name of publisher | Wiley, |
| Year of publication | 2012. |
| 300 ## - PHYSICAL DESCRIPTION | |
| Number of Pages | xvi, 398 p. : |
| Other physical details | ill. |
| 500 ## - GENERAL NOTE | |
| General note | Includes index. |
| 505 0# - FORMATTED CONTENTS NOTE | |
| Formatted contents note | pt. 1. Ramping up -- pt. 2. Diving in : the strategies and technologies of LEED -- pt. 3. Study tips and appendices. |
| 520 ## - SUMMARY, ETC. | |
| Summary, etc | "To receive the LEED AP Homes credential, professionals in residential design and construction need to take the LEED AP Homes exam and demonstrate advanced knowledge in green building practices. This book provides architects, interior designers, and home builders with a clearly organized study guide to this exam. Authored by an expert who teaches seminars on LEED exam prep, this guide stands out from the competition in its engaging style and stimulating approach, featuring sample quizzes, more than 100 sample flashcards, and many drawings, charts, and diagrams to illustrate concepts throughout"-- |
| 650 #0 - SUBJECT ADDED ENTRY--TOPICAL TERM | |
| Topical Term | Leadership in Energy and Environmental Design Green Building Rating System |
| Topical Term | Ecological houses |
| Topical Term | Sustainable construction |
| 856 40 - ELECTRONIC LOCATION AND ACCESS | |
| Uniform Resource Identifier | http://site.ebrary.com/lib/rucke/Doc?id=10593253 |
| 520 ## - SUMMARY, ETC. | |
| -- | Provided by publisher. |
No items available.
